000 00417nam a2200133Ia 4500
008 220217s9999||||xx |||||||||||||| ||und||
020 _a978-81-265-1680-3
082 _a004.65 PAN
100 _aPanek, Will and Chellis, James
_95657
245 0 _aMCTS windows server 2008 acive directory configuration study
260 _aJohn wiley & sons, Inc
_bNew Delhi
_c2008
300 _b540
650 _aCOMPUTER NETWORK
999 _c176728
_d176728